000 00488ntaaa2200193 4500
003 01
005 20251027202521.0
008 0714s1973 ag 01
040 _aAR-BaBN
_bspa
_cAR-BaBN
_eaacr
_dRIC
082 _a230.4100 F11
100 _aFacultad Teologica Luterana
_924144
245 _aDogmatica Luterana
250 _a1 ed.
260 _aBuenos Aires :
_bFacultad Teologica Luterana,
_c1967
300 _a320 p.
500 _aApuntes de clase
650 _aTeologia
942 _cBK
999 _c20202
_d20202